Ohio Representatives (119th Congress) - Statistics

General Stats
  • This quiz has been taken 29 times
  • The average score is 9 of 15
Answer Stats
District Party Serving since... Representatives % Correct
9 Democratic 1983 Marcy Kaptur
88%
14 Republican 2013 Dave Joyce
75%
3 Democratic 2013 Joyce Beatty
75%
11 Democratic 2021 Shontel Brown
75%
5 Republican 2007 Bob Latta
63%
1 Democratic 2023 Greg Landsman
63%
4 Republican 2007 Jim Jordan
63%
8 Republican 2016 Warren Davidson
63%
13 Democratic 2023 Emilia Sykes
50%
7 Republican 2023 Max Miller
50%
2 Republican 2025 Dave Taylor
38%
6 Republican 2024 Michael Rulli
38%
15 Republican 2021 Mike Carey
38%
10 Republican 2003 Mike Turner
38%
12 Republican 2018 Troy Balderson
38%
No matching quizzes found
Score Distribution
Percent of People with Each Score
Percentile by Number Answered
Your Score History
You have not taken this quiz